Odgadnij państwo europy po jednym słowie - Statystyki

Ogólne statystyki
  • Ten quiz został rozwiązany 259 razy
    12 od ostatniego zresetowania
  • Średni wynik to 11 z 22
Statystyki odpowiedzi
Podpowiedź Państwo % Poprawnych
Największe Rosja
100%
Najmniejsze Watykan
100%
Najzimniejsze Islandia
88%
Najcieplejsze Malta
75%
Pizza Włochy
75%
Bagietka Francja
63%
Kreta Grecja
63%
Lego Dania
50%
Katalonia Hiszpania
50%
Koniczyna Irlandia
50%
Najbiedniejsze Mołdawia
50%
Fiordy Norwegia
50%
Drakula Rumunia
50%
Barszcz Ukraina
50%
Wulkany Islandia
38%
Najmłodsze Kosowo
38%
Najbogatsze Luksemburg
25%
Azory Portugalia
25%
Banki Szwajcaria
25%
Minecraft Szwecja
25%
Supercell Finlandia
0%
Najstarsze San Marino
0%
Nie znaleziono quizów pasujących do podanych kryteriów
Rozkład punktacji
Procent ludzi z każdym wynikiem
Percentyl według liczby udzielonych odpowiedzi
Twoja historia wyników
Nie rozwiązałeś tego quizu od ostatniego zresetowania